<?xml version="1.0" encoding="UTF-8"?>
<collection xmlns="http://www.loc.gov/MARC21/slim">
 <record>
  <leader>06174nam a2200457 a 4500</leader>
  <controlfield tag="001">kal5827</controlfield>
  <controlfield tag="003">Gr-AtHEAL</controlfield>
  <controlfield tag="005">20160511074753.0</controlfield>
  <controlfield tag="006">m        d        </controlfield>
  <controlfield tag="008">160413s2015    gr      s           gre|c</controlfield>
  <datafield tag="020" ind1=" " ind2=" ">
   <subfield code="a">9789606032486</subfield>
  </datafield>
  <datafield tag="040" ind1=" " ind2=" ">
   <subfield code="a">GR-AtHEAL</subfield>
   <subfield code="b">gre</subfield>
   <subfield code="c">GR-AtHEAL</subfield>
  </datafield>
  <datafield tag="082" ind1="0" ind2="4">
   <subfield code="a">800</subfield>
   <subfield code="2">23</subfield>
  </datafield>
  <datafield tag="100" ind1="1" ind2=" ">
   <subfield code="a">Δημητρούλια, Ξανθίππη.</subfield>
   <subfield code="8">1746</subfield>
  </datafield>
  <datafield tag="245" ind1="1" ind2="0">
   <subfield code="a">Ψηφιακές λογοτεχνικές σπουδές</subfield>
   <subfield code="h">[Ηλεκτρονικός πόρος] </subfield>
   <subfield code="c">Δημητρούλια, Ξανθίππη ; Τικτοπούλου, Αικατερίνη ; Κριτικός αναγνώστης,Γούτσος, Διονύσιος ; Γραφιστική επιμέλεια,Αποστολόπουλος-Πέρρος, Παναγιώτης ; Τεχνική επιμέλεια,Αποστολόπουλος-Πέρρος, Παναγιώτης.</subfield>
  </datafield>
  <datafield tag="260" ind1=" " ind2=" ">
   <subfield code="a">Αθήνα :</subfield>
   <subfield code="b">Σύνδεσμος Ελληνικών Ακαδημαϊκών Βιβλιοθηκών,</subfield>
   <subfield code="c">c2015.</subfield>
  </datafield>
  <datafield tag="490" ind1=" " ind2=" ">
   <subfield code="a">Ακαδημαϊκά Ηλεκτρονικά Συγγράμματα και Βοηθήματα Κάλλιπος</subfield>
   <subfield code="8">40</subfield>
  </datafield>
  <datafield tag="520" ind1=" " ind2=" ">
   <subfield code="a">Το παρόν εγχειρίδιο επιδιώκει να εισαγάγει τους φοιτητές / αναγνώστες στις ριζικές ανατροπές που η ψηφιακή συνθήκη εισηγείται για την εγγραμματοσύνη, τις πολιτισμικές πρακτικές της ανάγνωσης και της γραφής και, ειδικότερα, για τη συγγραφή, ανάγνωση, έκδοση και μελέτη της λογοτεχνίας. Στο πλαίσιο των ψηφιακών ανθρωπιστικών σπουδών, που σήμερα βρίσκονται στο επίκεντρο της συζήτησης για την ενίσχυση της παρουσίας τους στο ακαδημαϊκό και κοινωνικό χώρο, το εγχειρίδιο για τις ψηφιακές λογοτεχνικές σπουδές έχει διπλό προσανατολισμό, θεωρητικό και πρακτικό. Σε επίπεδο θεωρίας, εισάγει στις βασικές έννοιες της υπερκειμενικότητας, της πολυτροπικότητας, της δικτύωσης και των ειδικών πραγματώσεών τους στα διάφορα κείμενα, με έμφαση στα λογοτεχνικά κείμενα που ψηφιοποιούνται ή δημιουργούνται εξαρχής ηλεκτρονικά. Παράλληλα, υπογραμμίζει την θεωρητική αυτονομία της φιλολογίας, η οποία χρησιμοποιεί τα δικά της μοντέλα, σε σχέση διάδρασης με τις άλλες επιστήμες στο πλαίσιο της διεπιστημονικότητας των ψηφιακών ανθρωπιστικών επιστημών. Σε πρακτικό επίπεδο, παρουσιάζονται οι νέοι τύποι κειμένου σε όλες τις εκφάνσεις τους, υλικές και άυλες, οι νέες μορφές λογοτεχνικότητας που παραμένουν υπό συζήτηση, διάφορα έργα μελέτης της λογοτεχνίας, ως παραδείγματα για τη συγκρότηση μιας ελληνικής κοινότητας πρακτικής στις ψηφιακές λογοτεχνικές σπουδές. Τέλος, οι φοιτητές εισάγονται στις γλώσσες σήμανσης των ηλεκτρονικών κειμένων και μαθαίνουν τις βασικές αρχές του διαμοιρασμού και των πρωτοκόλλων και προτύπων έκδοσης κειμένων. Είναι το πρώτο βιβλίο σχετικά με το αντικείμενο των ψηφιακών λογοτεχνικών σπουδών, σε μια περίοδο όπου υπάρχει ραγδαία ανάπτυξη του κλάδου διεθνώς.</subfield>
  </datafield>
  <datafield tag="650" ind1=" " ind2="0">
   <subfield code="a">Literature and the Internet</subfield>
   <subfield code="8">2800</subfield>
  </datafield>
  <datafield tag="650" ind1=" " ind2="0">
   <subfield code="a">Electronic publications</subfield>
   <subfield code="8">2837</subfield>
  </datafield>
  <datafield tag="653" ind1=" " ind2=" ">
   <subfield code="a">Συμφραστικοί πίνακες</subfield>
  </datafield>
  <datafield tag="653" ind1=" " ind2=" ">
   <subfield code="a">Ηλεκτρονικές βιβλιοθήκες και αρχεία</subfield>
  </datafield>
  <datafield tag="653" ind1=" " ind2=" ">
   <subfield code="a">Υπερκείμενο</subfield>
  </datafield>
  <datafield tag="653" ind1=" " ind2=" ">
   <subfield code="a">Ηλεκτρονικό κείμενο</subfield>
  </datafield>
  <datafield tag="653" ind1=" " ind2=" ">
   <subfield code="a">Ηλεκτρονική λογοτεχνία</subfield>
  </datafield>
  <datafield tag="653" ind1=" " ind2=" ">
   <subfield code="a">Κειμενική στατιστική</subfield>
  </datafield>
  <datafield tag="653" ind1=" " ind2=" ">
   <subfield code="a">Ανάλυση κειμένου</subfield>
  </datafield>
  <datafield tag="653" ind1=" " ind2=" ">
   <subfield code="a">Ψηφιακές ανθρωπιστικές επιστήμες</subfield>
  </datafield>
  <datafield tag="653" ind1=" " ind2=" ">
   <subfield code="a">Σώματα κειμένων</subfield>
  </datafield>
  <datafield tag="653" ind1=" " ind2=" ">
   <subfield code="a">Τέχνες και γράμματα</subfield>
   <subfield code="a">Φιλολογία</subfield>
   <subfield code="a">Λογοτεχνία</subfield>
  </datafield>
  <datafield tag="653" ind1=" " ind2=" ">
   <subfield code="a">Γλωσσολογία</subfield>
   <subfield code="a">Πεδία γλωσσολογίας</subfield>
   <subfield code="a">Εφαρμοσμένη γλωσσολογία</subfield>
   <subfield code="a">Μετάφραση</subfield>
  </datafield>
  <datafield tag="653" ind1=" " ind2=" ">
   <subfield code="a">Γλωσσολογία</subfield>
   <subfield code="a">Πεδία γλωσσολογίας</subfield>
   <subfield code="a">Περιγραφική γλωσσολογία</subfield>
   <subfield code="a">Υπολογιστική γλωσσολογία</subfield>
  </datafield>
  <datafield tag="653" ind1=" " ind2=" ">
   <subfield code="a">Γλωσσολογία</subfield>
   <subfield code="a">Πεδία γλωσσολογίας</subfield>
   <subfield code="a">Πεδία βάσει της σημασίας της γλώσσας</subfield>
   <subfield code="a">Ανάλυση λόγου-κειμενογλωσσολογία</subfield>
   <subfield code="a">Κειμενογλωσσολογία</subfield>
  </datafield>
  <datafield tag="653" ind1=" " ind2=" ">
   <subfield code="a">Γλωσσολογία</subfield>
   <subfield code="a">Γλωσσική τεχνολογία</subfield>
  </datafield>
  <datafield tag="700" ind1="1" ind2=" ">
   <subfield code="a">Τικτοπούλου, Αικατερίνη</subfield>
   <subfield code="e">Συγγραφέας</subfield>
   <subfield code="8">1747</subfield>
  </datafield>
  <datafield tag="700" ind1="1" ind2=" ">
   <subfield code="a">Γούτσος, Διονύσιος</subfield>
   <subfield code="e">Κριτικός αναγνώστης</subfield>
   <subfield code="8">1748</subfield>
  </datafield>
  <datafield tag="856" ind1="4" ind2="0">
   <subfield code="u">http://hdl.handle.net/11419/5827</subfield>
   <subfield code="z">Πλήρες Κείμενο - Full text</subfield>
  </datafield>
  <datafield tag="907" ind1=" " ind2=" ">
   <subfield code="a">.b25677664</subfield>
   <subfield code="b">12-06-18</subfield>
   <subfield code="c">29-07-16</subfield>
  </datafield>
  <datafield tag="949" ind1=" " ind2=" ">
   <subfield code="0">0</subfield>
   <subfield code="1">0</subfield>
   <subfield code="2">ddc</subfield>
   <subfield code="4">0</subfield>
   <subfield code="6">800_000000000000000_ΔΗΜ</subfield>
   <subfield code="7">0</subfield>
   <subfield code="8">KALL</subfield>
   <subfield code="8">524</subfield>
   <subfield code="d">2016-04-13</subfield>
   <subfield code="r">2016-04-13</subfield>
   <subfield code="w">2016-04-13</subfield>
   <subfield code="z">800 ΔΗΜ</subfield>
   <subfield code="o">SEAB KALLIPOS</subfield>
  </datafield>
  <datafield tag="998" ind1=" " ind2=" ">
   <subfield code="a">80</subfield>
   <subfield code="a">01</subfield>
   <subfield code="a">02</subfield>
   <subfield code="a">03</subfield>
   <subfield code="a">04</subfield>
   <subfield code="a">05</subfield>
   <subfield code="a">06</subfield>
   <subfield code="a">07</subfield>
   <subfield code="a">08</subfield>
   <subfield code="a">09</subfield>
   <subfield code="a">10</subfield>
   <subfield code="a">11</subfield>
   <subfield code="a">12</subfield>
   <subfield code="a">13</subfield>
   <subfield code="a">14</subfield>
   <subfield code="a">15</subfield>
   <subfield code="a">16</subfield>
   <subfield code="a">17</subfield>
   <subfield code="a">18</subfield>
   <subfield code="a">19</subfield>
   <subfield code="a">20</subfield>
   <subfield code="a">21</subfield>
   <subfield code="a">22</subfield>
   <subfield code="a">23</subfield>
   <subfield code="a">24</subfield>
   <subfield code="a">25</subfield>
   <subfield code="a">26</subfield>
   <subfield code="b">10-05-17</subfield>
   <subfield code="c">m</subfield>
   <subfield code="d">z  </subfield>
   <subfield code="e">-</subfield>
   <subfield code="f">gre</subfield>
   <subfield code="g">gr </subfield>
   <subfield code="h">0</subfield>
  </datafield>
  <datafield tag="942" ind1=" " ind2=" ">
   <subfield code="2">ddc</subfield>
   <subfield code="c">KALLIPOS</subfield>
  </datafield>
 </record>
</collection>
